| 000 | 00571nam a22001937a 4500 | ||
|---|---|---|---|
| 003 | OSt | ||
| 005 | 20260204045317.0 | ||
| 008 | 260204b |||||||| |||| 00| 0 eng d | ||
| 020 | _a978-0-600-61743-3 | ||
| 040 |
_aDWCL-Main Lib _cOC |
||
| 082 | _aGR.O31.02 As819 2010 | ||
| 100 | _aAsh, Russel | ||
| 245 | _aTop 10 of everything | ||
| 260 |
_aLondon : Hamlyn : London : _bOctopus Publishing, _cc2010 |
||
| 300 |
_a256 p. : _bill. ( chiefly col. ) ; _c29 cm. |
||
| 650 | _aCuriosities and wonder. | ||
| 650 | _aWorld records - miscellanea | ||
| 942 |
_2ddc _cGR _mGR. _n0 |
||
| 999 |
_c8258 _d8258 |
||